International Organisations By Map - Statistics

General Stats
  • This quiz has been taken 379 times
  • The average score is 5 of 10
Answer Stats
Hint Answer % Correct
United Nations
98%
North Atlantic Treaty Organization
81%
Eurozone
63%
Arab League
62%
Commonwealth of Nations
52%
Association of Southeast Asian Nations
51%
Organization of the Petroleum Exporting Countries
49%
G20
40%
Organisation for Economic Co-operation and Development
17%
Asia-Pacific Economic Cooperation
10%
No matching quizzes found
Score Distribution
Percent of People with Each Score
Percentile by Number Answered
Your Score History
You have not taken this quiz